| 000 | 01328nam a2200421 i 4500 | ||
|---|---|---|---|
| 001 | 52646 | ||
| 003 | KOSZ 005 | ||
| 005 | 20210913124421.0 | ||
| 008 | 070122s1999 pl a f |000 0 pol d | ||
| 020 | _a8309015305 | ||
| 040 |
_cKOSZ 005 _aKOSZ 005 _dKOSZ 005/HR |
||
| 041 | 0 | _apol | |
| 046 | _k1995 | ||
| 080 | _a749.1 | ||
| 080 | _a684 | ||
| 080 | _a674.02/.07 | ||
| 080 | _a(02.025.2) | ||
| 100 | 1 |
_aSwaczyna, Irena _d(1938-2011) _eAutor |
|
| 245 | 0 | 0 |
_aMeble : _bnaprawa i odnawianie / _cIrena Swaczyna. |
| 250 | _aWyd. 2. | ||
| 260 |
_aWarszawa : _bPaństwowe Wydawnictwo Rolnicze i Leśne, _c1999. |
||
| 300 |
_a238, [1] s. : _brys. (w tym kolor.) ; _c25 cm. |
||
| 380 | _aKsiążki | ||
| 388 | _a1901-2000 | ||
| 388 | _a1989-2000 | ||
| 504 | _aBibliogr. s. 235-[239]. | ||
| 650 | 7 | _aMeble | |
| 650 | 7 | _aRenowacja mebli | |
| 650 | 7 | _aDrewno | |
| 650 | 7 | _aRzemiosło artystyczne | |
| 650 | 7 | _aSztuka użytkowa | |
| 650 | 7 | _aStyle i kierunki artystyczne | |
| 658 | _aKultura i sztuka | ||
| 700 | 1 |
_aJabłońska, Bożena _eIlustracje |
|
| 710 | 2 |
_aPaństwowe Wydawnictwo Rolnicze i Leśne _4pbl |
|
| 856 |
_uhttp://koha.tu.koszalin.pl/cgi-bin/koha/opac-detail.pl?biblionumber=52646 _yKatalog online BPK |
||
| 942 |
_cKS _2UKD |
||
| 999 |
_c52646 _d52646 |
||